Statystyki dla Quiz o Jan Mayen

Kliknij tutaj aby rozwiązać quiz!

Ogólne statystyki

  • Ten quiz został rozwiązany 8 razy
  • Średni wynik to 5 z 11

Statystyki odpowiedzi

PytanieOdpowiedź% Poprawnych
Państwo do którego należyNorwegia
100%
OceanOcean Arktyczny
100%
Najbliżej położone PaństwoDania (Grenlandia)
75%
Populacja18
50%
KlimatTundra
50%
Pierwsze zaobserwowanie Wyspy1614
25%
Największa Góra / WulkanBeerenberg
25%
Największa Osada LudzkaOlonkinbyen
25%
Domena.sj
25%
Do jakich wysp należy San Mayen (Nazwa tego Terytorium Zależnego)Svalbard
25%
Pierwsza wybudowana Stacja MeteorologicznaEldstemetten
0%

Rozkład punktacji

Percentyl według liczby udzielonych odpowiedzi

Procent ludzi z każdym wynikiem

Twoja historia wyników

Nie rozwiązałeś tego quizu